Green nanotechnology as a language for a futuristic architecture / (رقم التسجيلة. 47922)
[ عرض عادي ]
| 000 -LEADER | |
|---|---|
| fixed length control field | 01752cam a2200325 a 4500 |
| 003 - CONTROL NUMBER IDENTIFIER | |
| control field | EG-GiCUC |
| 005 - DATE AND TIME OF LATEST TRANSACTION | |
| control field | 20250223031058.0 |
| 008 - FIXED-LENGTH DATA ELEMENTS--GENERAL INFORMATION | |
| fixed length control field | 141021s2013 ua o f m 000 0 eng d |
| 040 ## - CATALOGING SOURCE | |
| Original cataloging agency | EG-GiCUC |
| Language of cataloging | eng |
| Transcribing agency | EG-GiCUC |
| 041 0# - LANGUAGE CODE | |
| Language code of text/sound track or separate title | eng |
| 049 ## - LOCAL HOLDINGS (OCLC) | |
| Holding library | Deposite |
| 097 ## - Thesis Degree | |
| Thesis Level | M.Sc |
| 099 ## - LOCAL FREE-TEXT CALL NUMBER (OCLC) | |
| Classification number | Cai01.13.02.M.Sc.2013.Mo.G |
| 100 0# - MAIN ENTRY--PERSONAL NAME | |
| Personal name | Mona Mohamed Saleh Hassen |
| 245 10 - TITLE STATEMENT | |
| Title | Green nanotechnology as a language for a futuristic architecture / |
| Statement of responsibility, etc. | Mona Mohamed Saleh Hassen ; Supervised Mohamed Medhat Dorrh |
| 246 15 - VARYING FORM OF TITLE | |
| Title proper/short title | عمارة النانو تكنولوجى الخضراء كلغة مستقبلية للعمارة |
| 260 ## - PUBLICATION, DISTRIBUTION, ETC. | |
| Place of publication, distribution, etc. | Cairo : |
| Name of publisher, distributor, etc. | Mona Mohamed Saleh Hassen , |
| Date of publication, distribution, etc. | 2013 |
| 300 ## - PHYSICAL DESCRIPTION | |
| Extent | 182 P. : |
| Other physical details | photographs ; |
| Dimensions | 30cm |
| 502 ## - DISSERTATION NOTE | |
| Dissertation note | Thesis (M.Sc.) - Cairo University - Faculty of Engineering - Department of Architectural Engineering |
| 520 ## - SUMMARY, ETC. | |
| Summary, etc. | The present thesis casts light on the recent remarkable development in discovering a novelty in the field of technology which has led to the emergence of nano technology. This has become connected with our. It is noteworthy that most of these products make the optimum use of acknowledged technology such as scratch - and dust - proof surface. The thesis is divided into three parts which review this topic in a serial, scientific method. It starts with the definition of nano technology, what it has introduced to man, and its effects on architecture and the present - day architect's thought |
| 530 ## - ADDITIONAL PHYSICAL FORM AVAILABLE NOTE | |
| Additional physical form available note | Issued also as CD |
| 653 #4 - INDEX TERM--UNCONTROLLED | |
| Uncontrolled term | Green nonaarchitecture |
| 653 #4 - INDEX TERM--UNCONTROLLED | |
| Uncontrolled term | Nano |
| 653 #4 - INDEX TERM--UNCONTROLLED | |
| Uncontrolled term | Nanotecnology |
| 700 0# - ADDED ENTRY--PERSONAL NAME | |
| Personal name | Mohamed Medhat Dorrh , |
| Relator term | |
| 856 ## - ELECTRONIC LOCATION AND ACCESS | |
| Uniform Resource Identifier | <a href="http://172.23.153.220/th.pdf">http://172.23.153.220/th.pdf</a> |
| 905 ## - LOCAL DATA ELEMENT E, LDE (RLIN) | |
| Cataloger | Nazla |
| Reviser | Revisor |
| 905 ## - LOCAL DATA ELEMENT E, LDE (RLIN) | |
| Cataloger | Samia |
| Reviser | Cataloger |
| 942 ## - ADDED ENTRY ELEMENTS (KOHA) | |
| Source of classification or shelving scheme | Dewey Decimal Classification |
| Koha item type | Thesis |
| Source of classification or shelving scheme | Not for loan | Home library | Current library | Date acquired | Full call number | Barcode | Date last seen | Koha item type | Copy number |
|---|---|---|---|---|---|---|---|---|---|
| Dewey Decimal Classification | المكتبة المركزبة الجديدة - جامعة القاهرة | قاعة الرسائل الجامعية - الدور الاول | 11.02.2024 | Cai01.13.02.M.Sc.2013.Mo.G | 01010110063796000 | 22.09.2023 | Thesis | ||
| Dewey Decimal Classification | المكتبة المركزبة الجديدة - جامعة القاهرة | مخـــزن الرســائل الجـــامعية - البدروم | 11.02.2024 | Cai01.13.02.M.Sc.2013.Mo.G | 01020110063796000 | 22.09.2023 | CD - Rom | 63796.CD |